Normal view
MARC view
Entry Topical Term
001 - CONTROL NUMBER
- control field: 143309
003 - CONTROL NUMBER IDENTIFIER
- control field: OSt
005 - DATE AND TIME OF LATEST TRANSACTION
- control field: 20231124091606.0
008 - FIXED-LENGTH DATA ELEMENTS
- fixed length control field: 231124|| aca||aabn | a|a d
040 ## - CATALOGING SOURCE
- Original cataloging agency: OSt
- Transcribing agency: OSt
150 ## - HEADING--TOPICAL TERM
- Topical term or geographic name entry element: A study about traditional, modern methods and forms of Huli Vesha (Tiger Dance)
670 ## - SOURCE DATA FOUND
- Source citation: Work cat.: (OSt)229264: Chandrashekhar Shetty B: ಚಂದ್ರಶೇಖರ ಶೆಟ್ಟಿ ಬಿ 143308, Hulivesha: Thase dolu kunita, 2023